000 01007nam a2200229 i 4500
001 170788
003 ES-MaACL
005 20250808062743.0
008 090406s1953 sp |||| | spa d
100 1 _aLlamera, Bonifacio Francisco.
_9139742
245 1 0 _aTeología de San José /
_cpor Bonifacio Llamera.
_bY edición bilingüe, versión e introducción por el mismo autor de la Suma de los dones de San José / por Isidoro de Isolano.
260 _aMadrid :
_bLa Editorial Católica,
_c1953.
300 _aXXVII, 662 p. ;
_c20 cm.
490 1 _aBiblioteca de autores cristianos ;
_v108
546 _aTexto en español ; texto en latín y traducción en español.
594 _aTraducción de : Summa de donis Sancti Ioseph.
700 1 _aIsolano, Isidoro de.
_tSumma de donis Sancti Ioseph.
_lEspañol-Latín.
_9139743
740 0 _aSuma de los dones de San José.
830 0 0 _aBiblioteca de autores cristianos
_v108
_9178679
852 _aES-MaACL
_jJ-106
_9R.173846
999 _c170788
_d170788